| 000 | 00541nam a2200193Ia 4500 | ||
|---|---|---|---|
| 005 | 20250205032558.0 | ||
| 008 | 240331s9999 xx 000 0 und d | ||
| 020 | _a0791407543 | ||
| 082 |
_bRIN _21164 _a305.4 |
||
| 100 | _aRing, J | ||
| 245 | 0 |
_aModern Political Theory and Contemporary Feminism: _bA Dialectical Analysis |
|
| 260 |
_aNew York _bState University of New York Press _c1991 |
||
| 300 | _aix, 229 p., | ||
| 650 | _aContemporary Feminism | ||
| 650 | _aPolitical Theory | ||
| 650 | _aWomen | ||
| 650 | _aMarxism | ||
| 942 | _cL | ||
| 999 |
_c1675 _d1675 |
||